000
00300nam a22001337a 4500
008
181022b xxu||||| |||| 00| 0 eng d
020
_a
9780072320428
041
_a
eng
080
_2
4 ED
_a
573
100
_a
11
101
_a
BIO
245
_a
Foundations Microbiology
_c
Talaro.A
942
_2
udc
_c
BK
999
_c
50507
_d
50507